000 00724nam a22002897a 4500
003 OSt
008 150515b xxu||||| |||| 00| 0 eng d
100 1 _aLindquist, H. L.
041 _aeng
050 0 0 _a383.2135S
245 1 0 _aThe Stamp Specialist
246 1 0 _aGray Book (Number 11)
260 _aNew York, NY
_bH. L. Lindquist
300 _a128 pages
650 0 _aGeneral
650 0 _aUS Classic Issues
650 0 _aBanknotes
650 0 _aWar covers
650 0 _aCanada Patriotic Covers
650 0 _aBoer War Covers
650 0 _aUS 1898 Issue
650 0 _aPeru
650 0 _aBEP
650 0 _aBureau of Engraving and Printing
650 0 _aConfederate States Mexico Covers
650 0 _aIceland
999 _c1469
_d1469